000 00622nam a2200193 a 4500
005 20140412111232.0
008 010523s19uu xx 00 eng d
020 _a0-14-036537-0
050 _aTR(PS E
_bHa11 1993
100 _aZiefert, Harriet
245 _aHarry takes a bath /
_cHarriet Ziefert; pictures by Mavis Smith.
260 _aNew York :
_bPuffin Books,
_c1993.
300 _a1v. (unp.) ; ill.
440 _aPuffin Easy-to-Read, Level 1
520 _aHarry Hippo takes a bath, plays in the water, amd cleans up afterwards.
650 _aBaths-Fiction
650 _aHippopotamus-Fiction
999 _c102194
_d102194